| 000 | 00494nam a2200145Ia 4500 | ||
|---|---|---|---|
| 008 | 160216s9999 xx 000 0 und d | ||
| 100 | _aReynolds, B. | ||
| 245 | _aCrisis and emergency risk communication / | ||
| 245 | _cB. Reynolds & M. Seeger. | ||
| 260 | _bU.S. department of Health and Human Services. | ||
| 260 | _c2012 | ||
| 650 | _xCommunication - Crisis. | ||
| 650 | _xCommunication - emergency risk. | ||
| 856 | _uhttp://media.wix.com/ugd/f47560_930e25df18be4ca1adb73492b7417180.pdf | ||
| 999 |
_c290625 _d290625 |
||